| 000 | 00681nam a2200229 i 4500 | ||
|---|---|---|---|
| 001 | 170879 | ||
| 003 | ES-MaACL | ||
| 005 | 20230906214502.0 | ||
| 007 | t| | ||
| 008 | 090414s1924 fr ||||1| fre d | ||
| 080 | _a929 Reyer, Ernest | ||
| 080 | _a78"18" | ||
| 100 | 1 |
_aCurzon, Henri de. _942258 |
|
| 245 | 1 | 0 |
_aErnest Reyer _b: sa vie et ses oeuvres (1823-1909) / _cHenri de Curzon. |
| 250 | _a3e éd. | ||
| 260 |
_aParis : _bPerrin et Cie, _c1924. |
||
| 300 |
_a243 p. ; _c19 cm. |
||
| 500 | _aÍndices. | ||
| 600 | 1 | 4 |
_aReyer, Ernest. _9137928 |
| 650 | 4 |
_aMúsica- _yS.XIX. _9139786 |
|
| 852 | 4 |
_aES-MaACL _jE-12562 _9R.140184 _z. - Biblioteca Jacinto Martínez Lacalle |
|
| 999 |
_c170879 _d170879 |
||